How trees and people can co-adapt to climate change : (Registro nro. 18806)

Detalles MARC
000 -CABECERA
Campo de control 01132cam a2200301 4500
005 - FECHA Y HORA DE LA ULTIMA TRANSACCION
Campo de control 20191224042302.0
008 - ELEMENTOS DE LONGITUD FIJA—INFORMACION GENERAL
Campo de control 131216s2011 ke ad rb 100 0 eng
020 ## - ISBN
ISBN 9789793198569
040 ## - FUENTE DE CATALOGACIÓN
Agencia catalogadora original DLC
Agencia transcriptora DLC
Agencia Modificadora DLC
041 0# - IDIOMA
Código de idioma para texto/pista de sonido o título separado Inglés
044 ## - PAÍS DE PUBLICACIÓN
País de publicación Kenia
082 04 - NUMERO DE CLASIFICACION DECIMAL DEWEY
Número de clasificación 511.52
Número del ítem T78p
245 00 - MENCION DE TITULO
Título How trees and people can co-adapt to climate change :
Parte restante del título reducing vulnerability in multifunctional landscapes /
Mención de responsabilidad editado por Meine van Noordwijk y otros cuatro
260 ## - PUBLICACION, DISTRIBUCION, ETC. (PIE DE IMPRENTA)
Lugar de publicación, distribución, etc. Nairobi :
Nombre del editor, distribuidor, etc. World Agroforestry Centre,
Fecha de publicación, distribución, etc. 2011.
300 ## - DESCRIPCION FISICA
Extensión xi, 133 páginas :
Otros detalles físicos ilustraciones a color,gráficas a color ;
Dimensiones 25 x 18 cm.
504 ## - NOTA DE BIBLIOGRAFIA, ETC.
Nota de bibliografía Incluye referencias bibliográficas (páginas 123-131).
650 26 - ASIENTO SECUNDARIO DE MATERIA - TERMINO TEMATICO
Término temático o nombre geográfico como elemento de entrada Árboles
9 (RLIN) 71884
650 26 - ASIENTO SECUNDARIO DE MATERIA - TERMINO TEMATICO
Término temático o nombre geográfico como elemento de entrada Población humana
9 (RLIN) 16890
650 26 - ASIENTO SECUNDARIO DE MATERIA - TERMINO TEMATICO
Término temático o nombre geográfico como elemento de entrada Cambio climático
9 (RLIN) 98479
650 26 - ASIENTO SECUNDARIO DE MATERIA - TERMINO TEMATICO
Término temático o nombre geográfico como elemento de entrada Adaptación al cambio climático
9 (RLIN) 71886
650 26 - ASIENTO SECUNDARIO DE MATERIA - TERMINO TEMATICO
Término temático o nombre geográfico como elemento de entrada Paisaje
9 (RLIN) 2521
700 1# - ASIENTO SECUNDARIO - NOMBRE PERSONAL
Nombre personal Noordwijk, Meine van.
Término de relación editora
9 (RLIN) 71888
700 1# - ASIENTO SECUNDARIO - NOMBRE PERSONAL
Nombre personal Hoang, Minh Ha
Término de relación editora
9 (RLIN) 71889
700 1# - ASIENTO SECUNDARIO - NOMBRE PERSONAL
Nombre personal Neufeldt, Henry
Término de relación editor
9 (RLIN) 71890
700 1# - ASIENTO SECUNDARIO - NOMBRE PERSONAL
Nombre personal Öborn, Ingrid
Término de relación editora
9 (RLIN) 71891
700 1# - ASIENTO SECUNDARIO - NOMBRE PERSONAL
Nombre personal Yatich, Thomas
Término de relación editor
9 (RLIN) 71892
942 ## - ELEMENTOS ADICIONALES (KOHA)
Sistema de clasificación Dewey Decimal Classification
Tipo de ítem Libro
Existencias
Withdrawn status Lost status Sistema de Clasificación Damaged status No para préstamo Colección Inventariado Ubicación Permanente Ubicación actual Fecha de adquisición Fuente de Valor Valor Total Checkouts Número topográfico Inventario / Código de Barras Date last seen Ejemplar Price effective from Forma de adquisición Tipo de material
    Dewey Decimal Classification     General Inventariado 2017 Bogotá Bogotá 22/06/2016 Instituto 39000.00   LB-511.52 T78p 034537 22/06/2016 Ej. 1 22/06/2016 Donación Libro
    Dewey Decimal Classification     General Inventariado 2017 Sala Fabio Quevedo Sala Fabio Quevedo 22/06/2016 Instituto 39000.00   LB-511.52 T78p 034536 22/06/2016 Ej. 2 22/06/2016 Donación Libro